Normal view
MARC view
- Baker, Robert F.
Entry Personal Name
001 - CONTROL NUMBER
- control field: 19579
003 - CONTROL NUMBER IDENTIFIER
- control field: NUST
005 - DATE AND TIME OF LATEST TRANSACTION
- control field: 20190827053739.0
008 - FIXED-LENGTH DATA ELEMENTS
- fixed length control field: 190827|| aca||aabn | a|a d
040 ## - CATALOGING SOURCE
- Original cataloging agency: NUST
- Transcribing agency: NUST
100 ## - HEADING--PERSONAL NAME
- Personal name: Baker, Robert F.
- Fuller form of name: (Robert Fulton),
- Dates associated with a name: 1917-
670 ## - SOURCE DATA FOUND
- Source citation: Work cat.: (NUST)0: Baker, Robert F. (Robert Fulton), 1917-, Handbook of highway engineering /, [1975]
